Bandiaterra Country Quiz - Statistics

General Stats
  • This quiz has been taken 54 times
  • The average score is 5 of 15
Answer Stats
Hint Answer % Correct
What 3 colors are on the flag? Blue
90%
What 3 colors are on the flag? Black
85%
Which ocean is it located in? Indian Ocean
82%
What 3 colors are on the flag? Purple
82%
What is the capital? Otnæutre
36%
What sultanate were they trying to escape? Omani
33%
What African tribe first went to Bandiaterra? Bantu
28%
What major export is the is the southernmost of its kind? Lavender
28%
What holiday on June 31st has the youngest child assume the position of prime minister? Children's Day
15%
What is the largest ethnic group in these islands? {Sana} Bandian
13%
What 3 incorporated autonomous territories does Bandiaterra also have? Tavarana
13%
What 3 incorporated autonomous territories does Bandiaterra also have? Vyaja
13%
Which Danish explorer found the island in 1800 and established a protectorate? Jørgen Jørgensen
10%
What is the 2nd largest city? Zambarao
8%
What 3 incorporated autonomous territories does Bandiaterra also have? Terraja
3%
No matching quizzes found
Score Distribution
Percent of People with Each Score
Percentile by Number Answered
Your Score History
You have not taken this quiz